| 000 | 02954 a2200253 4500 | ||
|---|---|---|---|
| 001 | 54545 | ||
| 005 | 20260407155819.0 | ||
| 008 | 260407a1967 arg spa d | ||
| 003 | AR-UNSa-BCEJYS | ||
| 040 |
_aAR-UNSa-BCEJYS _bspa _cAR-UNSa-BCEJYS |
||
| 080 |
_a330.101 _xCiencia económica en general. La economía y sus problemas. Objeto y métodos de la economía política |
||
| 245 | 1 | 0 |
_aAnálisis económico _pmicroeconomía y macroeconomía |
| 250 | _a9a. ed. | ||
| 264 | 1 |
_aMadrid : _bAlianza Editorial _c1967 |
|
| 300 |
_a1064 p. _c23 cm. |
||
| 505 | _aPrimera parte: Microeconomía - 1. Tarea y métodos del análisis económico - 2. El cambio como el organizador de la especialización - 3. Algunas aplicaciones de la teoría elemental del cambio - 4. Un modelo elemental del sistema de precios - 5. Aplicaciones del modelo elemental: El desarrollo - 6. Asignación y distribución: El principio de igual ventaja - 7. La teoría del precio de mercado en mercados de competencia perfecta - 8. Oferta y demanda en un mercado de competencia - 9. Algunas aplicaciones de la teoría del precio de mercado - 10. La teoría del precio normal - 11. Aplicaciones del análisis de la oferta y la demanda - 12. Otras aplicaciones del análisis de la oferta y la demanda - 13. Los precios de los factores de producción - 14. La dinámica de la oferta y la demanda - 15. La organización económica - 16. La empresa como una organización económica - 17. La teoría de la empresa comercial - 18. La empresa industrial - 19. La derivación de las curvas de oferta a partir de las curvas de corte - 20. Funciones de producción con un factor variable - 21. Otros problemas de la teoría del monopolio - 22. Competencia imperfecta - 23. Aplicaciones del análisis marginal: La regulación de la competencia y del monopolio - 24. La teoría elemental de las decisiones familiares - 25. El análisis con tres variables de la empresa - 26. Análisis con tres variables(continuación) - 27. Las curvas de indiferencia y la teoría de la elección óptima - 28. Aplicaciones del análisis de las curvas de indiferencia - 29. Capital,tiempo y valoración - 30. El tiempo en las decisiones económicas - Segunda parte: Macroeconomía - 31. Magnitudes globales y promedios económicos - 32. La medición de las magnitudes globales económicas - 33. Modelos macroeconómicos: Modelos de producción y consumo - 34. Modelos macroeconómicos: Modelos de la circulación monetaria y del intercambio - 35. El ssitema financiero - 36. Ahorro e interés - 37. Relaciones económicas internacionales - 38. Modelos dinámicos - 39. Fluctuaciones económicas y crecimiento económico - 40. El impacto del Estado - 41. Economía positiva y economía normativa | ||
| 041 | _aspa | ||
| 942 | _cBK | ||
| 590 | _aniveau_biblio:m niveau_hierar:0 | ||
| 100 | 1 | _aBoulding, Kenneth E. | |
| 700 | 1 | _aBramtot, Juan A. | |
| 700 | 1 | _aIglesias, Antonio | |
| 700 | 1 | _aParedes, Miguel | |
| 999 |
_c5625 _d5625 |
||